Fundamentals of sustainability in civil engineering

Uloženo v:
Podrobná bibliografie
Hlavní autor: BRAHAM, Andrew
Médium: Kniha
Jazyk:angličtina
Vydáno: CRC Press 2021
Tagy: Přidat tag
Žádné tagy, Buďte první, kdo vytvoří štítek k tomuto záznamu!

MARC

LEADER 00000nam a22000007a 4500
008 240621b |||||||| |||| 00| 0 eng d
020 |a 9780367420253 
100 |a BRAHAM, Andrew 
245 |a Fundamentals of sustainability in civil engineering   |c / Andrew Braham, Sadie Casillas  |g xv,256p;ill 
250 |b 2nd 
260 |b CRC Press  |c 2021  |h Boca Raton, FL  |i 702587  |i 702588  |l TA145.B72  |m Sustainable engineering--Textbooks.   |m Civil engineering--Environmental aspects--Textbooks. 
500 |a it includes references and index 
942 |a lcc  |c BK  |e Johnson  |f 21/06/24 
952 |0 0  |1 0  |2 lcc  |4 0  |6 TA0145 B72  |7 0  |9 5323  |a TL  |b HOL  |c QZ  |d 2024-06-21  |l 0  |o TA145.B72  |p 2024-0565  |r 2024-06-21 00:00:00  |t 702587  |w 2024-06-21  |y BK 
952 |0 0  |1 0  |2 lcc  |4 0  |6 TA0145 B72  |7 0  |9 5324  |a HOL  |b HOL  |c QZ  |d 2024-06-21  |l 0  |o TA145.B72  |p 2024-0566  |r 2024-06-21 00:00:00  |t 702588  |w 2024-06-21  |y BK 
999 |c 2638  |d 2638